Statistics for Counties of Ark-La-Tex with a Map

Click here to take the quiz!

General Stats

  • This quiz has been taken 5 times
  • The average score is 11 of 40

Answers on the Map

Answers color-coded by a green-red scale on the quiz's map according to % correct below.
 

Answer Stats

Answer% Correct
Jackson
80%
Lincoln
80%
Bossier
40%
Caddo
40%
Harrison
40%
Nevada
40%
Red River, LA
40%
Red River, TX
40%
Union, AR
40%
Union, LA
40%
Webster
40%
Bienville
20%
Bowie
20%
Camp
20%
Cass
20%
Claiborne
20%
Columbia
20%
Desoto
20%
Gregg
20%
Hempstead
20%
Howard
20%
Layafette
20%
Little River
20%
Marion
20%
McCurtain
20%
Miller
20%
Morris
20%
Nacogdoches
20%
Natchitoches
20%
Ouachita
20%
Panola
20%
Rusk
20%
Sabine, LA
20%
Sabine, TX
20%
San Augustine
20%
Sevier
20%
Shelby
20%
Titus
20%
Upshur
20%
Winn
20%

Score Distribution

Percentile by Number Answered

Percent of People with Each Score

Your Score History

You have not taken this quiz